The effects of the capital gains tax on selling and switching of common stock (Registro nro. 25802)

Detalles MARC
000 -LEADER
fixed length control field 00403 a2200121 4500
001 - CONTROL NUMBER
control field ART_11756
005 - DATE AND TIME OF LATEST TRANSACTION
control field 20260410161900.0
008 - FIXED-LENGTH DATA ELEMENTS--GENERAL INFORMATION
fixed length control field 260409a
100 1# - MAIN ENTRY--PERSONAL NAME
Personal name Feldstein, Martin
245 10 - TITLE STATEMENT
Title The effects of the capital gains tax on selling and switching of common stock
700 1# - ADDED ENTRY--PERSONAL NAME
Personal name Yitzhaki, Shlomo
773 0# - HOST ITEM ENTRY
Title Journal of public economics
Related parts - Vol. 9, Nº 1 (feb. 1978)
Record control number REV11485

No hay ítems disponibles.